Logo Biblioteca

Argentina en Internet : (Registro nro. 219)

Detalles MARC
000 -LEADER
fixed length control field 00962nam a22001937a 4500
003 - CONTROL NUMBER IDENTIFIER
control field OSt
005 - DATE AND TIME OF LATEST TRANSACTION
control field 20251028160751.0
008 - FIXED-LENGTH DATA ELEMENTS--GENERAL INFORMATION
fixed length control field 240404s2022 ag ||||| |||| 00| 0 spa d
020 ## - INTERNATIONAL STANDARD BOOK NUMBER
International Standard Book Number 9789874872906
040 ## - CATALOGING SOURCE
Transcribing agency besoc
080 ## - UNIVERSAL DECIMAL CLASSIFICATION NUMBER
Authority record control number or standard number 004.738.5(82)
245 00 - TITLE STATEMENT
Title Argentina en Internet :
Remainder of title 35 años de la creación del dominio .ar /
Statement of responsibility, etc. Andrea Ramos comp.
260 ## - PUBLICATION, DISTRIBUTION, ETC.
Place of publication, distribution, etc. Buenos Aires :
Name of publisher, distributor, etc. Secretaría Legal y Técnica,
Date of publication, distribution, etc. 2022
300 ## - PHYSICAL DESCRIPTION
Extent 344 p.
520 ## - SUMMARY, ETC.
Summary, etc. Los textos que integran esta publicación recuperan hitos y aprendizajes, reúnen miradas de personas que dedican horas a explorar estas transformaciones y profundizar los debates más desafiantes, contienen datos duros y relatos que emocionan hasta las lágrimas. Hay lugar para la preocupación y para la risa. Nuestro deseo es encontrar respuestas, pero también que se multipliquen las preguntas. [Nota del editor]
651 #4 - SUBJECT ADDED ENTRY--GEOGRAPHIC NAME
Geographic name Argentina
General subdivision Internet
700 #1 - ADDED ENTRY--PERSONAL NAME
Personal name Ramos, Andrea
Relator term comp.
942 ## - ADDED ENTRY ELEMENTS (KOHA)
Source of classification or shelving scheme Universal Decimal Classification
Koha item type Obra General
Suppress in OPAC No
Existencias
Withdrawn status Lost status Source of classification or shelving scheme Damaged status Not for loan Collection Home library Current library Date acquired Total checkouts Barcode Date last seen Price effective from Koha item type
    Universal Decimal Classification     Colección General Biblioteca Escuela de Ciencias Sociales Biblioteca Escuela de Ciencias Sociales 22/07/2025   000022 22/07/2025 22/07/2025 Obra General
Biblioteca de la Escuela Preuniversitaria en Ciencias Sociales y Humanísticas.
Riobamba 250 bis.
CP 2000 - Rosario - Santa Fe
E-Mail: biblioteca@esociales.unr.edu.ar